000 00330pab a2200121 454500
008 180718b1983 xxu||||| |||| 00| 0 eng d
245 _aSpecial issue on the political economy of urbanisation in Asia
260 _c1983
300 _a5-137
650 _aUrbanisation - Asia
773 _aComparative Urban Research
909 _a20163
999 _c20163
_d20163